000 00688nam a2200217Ia 4500
001 7302
003 GE_BSU
008 181216s||||||||xx |||||||||||||| ||und||
040 _cGE_BSU
080 _a666.97/98(075.8)
100 _aГершберг,О.А.
245 _aТехнология бетонных и железобетонных изделий.
245 _bУчебник.
250 _aИзд. третье, перераб. и допол.
260 _aМ.
260 _bСтройиздат.
260 _c1971.
300 _a359стр.с илл.27см.
653 _aТехнология бетонных и железобетонных изделий.
942 _cBK
999 _c40674
_d40674